It looks like you're offline.
Open Library logo
additional options menu

MARC Record from Library of Congress

Record ID marc_loc_2016/BooksAll.2016.part07.utf8:2865783:675
Source Library of Congress
Download Link /show-records/marc_loc_2016/BooksAll.2016.part07.utf8:2865783:675?format=raw

LEADER: 00675cam a22002171 4500
001 68116723
003 DLC
005 20050510184003.0
008 801001s1968 ne a b 001 0 dut
010 $a 68116723
035 $a(OCoLC)6775999
040 $aDLC$cMH$dDLC
042 $apremarc
050 00 $aF2532$b.S35
100 1 $aSchulten, Cornelis Maria,$d1933-
245 10 $aNederlandse expansie in Latijns Amerika.$bBrazilië: 1624-1654.$c[Door] C. M. Schulten.
260 $aBussum,$bFibula-Van Dishoeck,$c1968.
300 $a120 p. with illus.$c21 cm.
490 0 $aFibula-reeks,$v36
504 $aBibliography: p. 96-100.
651 0 $aBrazil$xHistory$yDutch Conquest, 1624-1654.